[Event "IRI-ch U14"]
[Site "Chess.com INT"]
[Date "2021.01.16"]
[Round "11"]
[White "Asgari, Behrad"]
[Black "Hashemi, Mohammad1111"]
[Result "0-1"]
[WhiteElo "1683"]
[BlackElo "1299"]
[PlyCount "68"]
[EventDate "2021.01.16"]
[EventType "swiss"]
[EventRounds "11"]
[EventCountry "IRI"]
[SourceTitle "EXT 2022"]
[Source "ChessBase"]
[SourceDate "2021.10.06"]
[SourceVersion "1"]
[SourceVersionDate "2021.10.06"]
[SourceQuality "1"]

1. e4 d6 2. d4 c5 3. dxc5 Qa5+ 4. Nc3 Qxc5 5. Be3 Qc7 6. Nf3 Nf6 7. Be2 Nc6 8. Qd2 g6 9. 0-0-0 Ng4 10. Kb1 Nxe3 11. Qxe3 Bg7 12. g3 0-0 13. h4 Ne5 14. Nd5 Qd7 15. Nxe5 Bxe5 16. h5 e6 17. Nb4 a5 18. Nd3 Bg7 19. hxg6 fxg6 20. Bg4 Qf7 21. Nf4 e5 22. Bxc8 exf4 23. gxf4 Raxc8 24. Qh3 Bf6 25. Rxd6 Qc7 26. Rd2 Rf7 27. e5 Bh8 28. c3 Qc4 29. e6 Qe4+ 30. Ka1 Re7 31. Rd7 Qxe6 32. Qxe6+ Rxe6 33. Rhxh7 Re1+ 34. Rd1 Rxd1# 0-1

[Event "IRI-ch U14"]
[Site "Chess.com INT"]
[Date "2021.01.16"]
[Round "1"]
[White "Asgari, Behrad"]
[Black "Naeimi Omran, Ashkan"]
[Result "1-0"]
[WhiteElo "1683"]
[BlackElo "1061"]
[PlyCount "43"]
[EventDate "2021.01.16"]
[EventType "swiss"]
[EventRounds "11"]
[EventCountry "IRI"]
[SourceTitle "EXT 2022"]
[Source "ChessBase"]
[SourceDate "2021.10.06"]
[SourceVersion "1"]
[SourceVersionDate "2021.10.06"]
[SourceQuality "1"]

1. e4 e5 2. Nf3 Nc6 3. Bc4 Bc5 4. c3 Nf6 5. d4 exd4 6. e5 d5 7. Bb5 Nd7 8. Bxc6 bxc6 9. cxd4 Bb4+ 10. Bd2 c5 11. Bxb4 cxb4 12. 0-0 0-0 13. Qb3 Nb6 14. Qxb4 Ba6 15. Re1 Rb8 16. Nbd2 Qd7 17. Nb3 Na4 18. Qd2 Bc4 19. Ng5 Bxb3 20. axb3 Rxb3 21. Qc2 Rb4 22. Qxh7# 1-0

[Event "IRI-ch U14"]
[Site "Chess.com INT"]
[Date "2021.01.16"]
[Round "4"]
[White "Karimpour Talebi, Arman"]
[Black "Asgari, Behrad"]
[Result "1/2-1/2"]
[WhiteElo "1509"]
[BlackElo "1683"]
[PlyCount "99"]
[EventDate "2021.01.16"]
[EventType "swiss"]
[EventRounds "11"]
[EventCountry "IRI"]
[SourceTitle "EXT 2022"]
[Source "ChessBase"]
[SourceDate "2021.10.06"]
[SourceVersion "1"]
[SourceVersionDate "2021.10.06"]
[SourceQuality "1"]

1. d4 Nf6 2. Bf4 g6 3. Nc3 d5 4. e3 Bg7 5. h4 h5 6. Nb5 Na6 7. c4 0-0 8. Nf3 Bf5 9. c5 c6 10. Nc3 Nc7 11. b4 Ne4 12. Qb3 Nxc3 13. Qxc3 Ne8 14. Bd3 Bxd3 15. Qxd3 Nf6 16. 0-0 Ne4 17. a4 Qd7 18. Rfb1 a6 19. Ne1 Kh7 20. f3 Nf6 21. Nc2 Ne8 22. Ra2 f6 23. Qc3 Nc7 24. Rab2 Rae8 25. Bxc7 Qxc7 26. b5 Rb8 27. bxa6 bxa6 28. Nb4 Qa5 29. Qc2 Rfc8 30. Qd3 Qxa4 31. Qxa6 Rxb4 32. Qxa4 Rxa4 33. Rb7 Rca8 34. R1b6 Ra1+ 35. Kh2 R1a6 36. Rb4 Bf8 37. Rc7 Kg7 38. g4 Kf7 39. Kg3 Ke6 40. Kf4 Bh6+ 41. g5 fxg5+ 42. hxg5 Bf8 43. e4 R8a7 44. Rc8 Ra8 45. Rc7 h4 46. Rb1 R8a7 47. Rc8 Ra8 48. Rc7 R8a7 49. Rc8 Ra8 50. Rc7 1/2-1/2